000 00258nam a2200097Ia 4500
001 642134
005 20250826153520.0
008 250824s9999 xx 000 0 und d
245 0 _aSUMARNA 4 KAYIP ALTMIŞ YEDİLER
_cMEHMET BALTAOĞLU
260 _bTİMAŞ ÇOCUK
999 _c642134
_d642134